|
|
|
|
| LEADER |
00000nas a22000007a 4500 |
| 001 |
ssj0057401 |
| 003 |
WaSeSS |
| 005 |
20200512172242.0 |
| 006 |
m d |
| 007 |
cr n |
| 008 |
030317c20029999ncuar pss 0 a0eng c |
| 010 |
|
|
|a 2003213014
|
| 022 |
|
|
|a 1544-0044
|l 1544-0036
|y 1544-0036
|
| 035 |
|
|
|a (WaSeSS)ssj0057401
|
| 037 |
|
|
|b Allied Academies, Inc., P.O. Box 2689, Cullowhee, NC 28723
|
| 040 |
|
|
|a NSD
|b eng
|c NSD
|d OCLCQ
|d DLC
|d OCLCS
|d LGG
|d OCLCQ
|d OCLCA
|d DLC
|d OCLCQ
|d OCLCO
|d OCLCF
|d OCLCO
|d OCLCQ
|d NTG
|d AU@
|d WaSeSS
|
| 042 |
|
|
|a nsdp
|a pcc
|
| 043 |
|
|
|a n-us---
|
| 050 |
1 |
4 |
|a K1
|b .C345
|
| 082 |
1 |
0 |
|a 346
|2 13
|
| 130 |
0 |
|
|a Journal of legal, ethical and regulatory issues (Online)
|
| 210 |
0 |
|
|a J. leg. ethical regul. issues
|b (Online)
|
| 222 |
|
0 |
|a Journal of legal, ethical and regulatory issues
|b (Online)
|
| 245 |
1 |
0 |
|a Journal of legal, ethical and regulatory issues
|h [electronic resource].
|
| 246 |
1 |
3 |
|a JLERI
|
| 260 |
|
|
|a [Cullowhee, NC] :
|b Allied Academies, Inc.
|
| 362 |
0 |
|
|a Vol. 5, no. 1 (2002)-
|
| 500 |
|
|
|a Title from PDF title page (viewed Mar. 17, 2003).
|
| 506 |
|
|
|a License restrictions may limit access.
|
| 650 |
|
0 |
|a Law
|z United States
|v Periodicals.
|
| 650 |
|
0 |
|a Commercial law
|z United States
|v Periodicals.
|
| 650 |
|
7 |
|a Commercial law.
|2 fast
|0 (OCoLC)fst00869502
|
| 650 |
|
7 |
|a Law.
|2 fast
|0 (OCoLC)fst00993678
|
| 651 |
|
7 |
|a United States.
|2 fast
|0 (OCoLC)fst01204155
|
| 655 |
|
0 |
|a Electronic journals.
|
| 710 |
2 |
|
|a Allied Academies.
|
| 776 |
1 |
|
|t Journal of legal ethical and regulatory issues
|x 1544-0036
|w (DLC) 2003213013
|w (OCoLC)51865500
|
| 780 |
0 |
0 |
|t Academy for Studies in Business Law journal (Online)
|x 1532-5814
|w (DLC)sn 99008517
|w (OCoLC)41162062
|
| 856 |
4 |
0 |
|z Full text available from Research Library: 01/01/2003 to present
|u https://search.proquest.com/publication/38868
|